|
|
|
|
| LEADER |
00000nab a2200000 a 4500 |
| 001 |
vtls000012012 |
| 003 |
SK-MaSNL |
| 005 |
20260304073025.0 |
| 008 |
250423c1978 xo 0 slo |
| 015 |
|
|
|a SNBRB19rr/mm-uuuuu
|
| 035 |
|
|
|a CL0022106
|
| 035 |
|
|
|a urn:nbn:sk:snk-abb71k
|
| 035 |
|
|
|a (urnnbn)urn:nbn:sk:snk:ar-00489n
|
| 035 |
|
|
|a (uuid)7936e186-1632-4957-8ea3-6cbf98ba6fec
|
| 040 |
|
|
|a SNKBUCL
|b slo
|c SNKBUCL
|e AACR2
|
| 041 |
0 |
|
|a slo
|
| 044 |
|
|
|a xo
|c SK
|
| 080 |
|
|
|a 894.511-3
|2 1981
|
| 100 |
1 |
|
|a Mándy, Iván,
|d 1918-1995
|4 aut
|9 192489
|
| 245 |
1 |
0 |
|a Partneri
|c Iván Mándy ; preložila Judita Pástorová
|
| 650 |
0 |
7 |
|a poviedky mestské
|2 snkbucl
|9 1005812
|
| 650 |
0 |
7 |
|a film
|2 snkbucl
|9 1425
|
| 655 |
|
7 |
|a články z novín a časopisov
|2 snkbucl
|9 267496
|
| 655 |
|
7 |
|a články z odboru literárna veda a krásna literatúra
|2 snkbucl
|9 770045
|
| 700 |
1 |
|
|a Pástorová, Judita
|4 trl
|9 1190100
|
| 773 |
0 |
|
|t Revue svetovej literatúry
|g Roč. 14, č. 6 (1978), s. 167-170
|
| 850 |
|
|
|a Slovenská národná knižnica
|
| 852 |
|
|
|a Slovenská národná knižnica
|
| 958 |
|
|
|a article15
|
| 958 |
|
|
|a RK
|
| 958 |
|
|
|a LX
|
| 958 |
|
|
|a OND
|
| 958 |
|
|
|a EUIPO
|
| 999 |
|
|
|c 2769113
|d 2771043
|